Hán Việt tự điển
Salvato in:
| Autore principale: | |
|---|---|
| Natura: | Libro |
| Lingua: | Undetermined |
| Pubblicazione: |
Sài Gòn
Trường Thi
1957
|
| Soggetti: | |
| Tags: |
Aggiungi Tag
Nessun Tag, puoi essere il primo ad aggiungerne! !
|
| Thư viện lưu trữ: | Trung tâm Học liệu Trường Đại học Cần Thơ |
|---|
| LEADER | 00502nam a2200169Ia 4500 | ||
|---|---|---|---|
| 001 | CTU_563 | ||
| 008 | 210402s9999 xx 000 0 und d | ||
| 082 | |a 495.103 | ||
| 082 | |b A107 | ||
| 100 | |a Đào Duy Anh | ||
| 245 | 0 | |a Hán Việt tự điển | |
| 245 | 0 | |c Đào Duy Anh | |
| 260 | |a Sài Gòn | ||
| 260 | |b Trường Thi | ||
| 260 | |c 1957 | ||
| 650 | |a chinese language - dictionaries,vietnamese language - dictionaries | ||
| 980 | |a Trung tâm Học liệu Trường Đại học Cần Thơ | ||